000 00712nam a2200289 a 4500
003 AR-BaBNM
005 20251128210938.0
008 082120s2002 ||||||||||||||000 | spa||
020 _a84-339-2410-6
040 _cAR-BaBNM
100 1 _aKerouac, Jack
245 0 0 _aEn el camino
250 _a11ª ed.
260 _aBarcelona
_bAnagrama
_c1999
300 _a364 p.
490 0 _aCompactos
_vv. 10
650 4 _aLITERATURA ESTADOUNIDENSE
650 4 _aLITERATURA CONTEMPORANEA
650 4 _aCONTRACULTURAS
650 4 _aNOVELAS
653 _aBEATNIKS
655 _aLITERATURA
700 1 _aLendínez, Martín
_etraductor
800 1 _aVivas, Julio
_edirector
942 _cBK
998 _cMARTIN
999 _c17578
_d17578